<?xml version="1.0" encoding="UTF-8"?>
<collection xmlns="http://www.loc.gov/MARC21/slim">
<record>
  <controlfield tag="001">111121</controlfield>
  <controlfield tag="005">20220309093109.0</controlfield>
  <datafield tag="037" ind1=" " ind2=" ">
    <subfield code="a">TAZ-TFM-2018-157</subfield>
  </datafield>
  <datafield tag="041" ind1=" " ind2=" ">
    <subfield code="a">spa</subfield>
  </datafield>
  <datafield tag="100" ind1="1" ind2=" ">
    <subfield code="a">Romanos Pérez, Javier</subfield>
  </datafield>
  <datafield tag="242" ind1="0" ind2="0">
    <subfield code="a">Analysis of functional results of treatment by meniscal suture</subfield>
  </datafield>
  <datafield tag="245" ind1="0" ind2="0">
    <subfield code="a">Análisis de resultados funcionales del tratamiento mediante sutura meniscal</subfield>
  </datafield>
  <datafield tag="260" ind1=" " ind2=" ">
    <subfield code="a">Zaragoza</subfield>
    <subfield code="b">Universidad de Zaragoza</subfield>
    <subfield code="c">2018</subfield>
  </datafield>
  <datafield tag="500" ind1=" " ind2=" ">
    <subfield code="a">Resumen disponible también en inglés</subfield>
  </datafield>
  <datafield tag="506" ind1=" " ind2=" ">
    <subfield code="a">by-nc-sa</subfield>
    <subfield code="b">Creative Commons</subfield>
    <subfield code="c">3.0</subfield>
    <subfield code="u">http://creativecommons.org/licenses/by-nc-sa/3.0/</subfield>
  </datafield>
  <datafield tag="520" ind1=" " ind2=" ">
    <subfield code="a">Introducción: Las cirugía artroscópica de rodilla es una de las técnicas quirúrgicas más frecuentes hoy en día. En los últimos años se tiende más hacia la reparación meniscal que hacia la meniscectomía. Objetivo: Analizar los resultados funcionales de pacientes con rotura meniscal tratados mediante sutura meniscal con un seguimiento de 2 años. Métodos: Estudio descriptivo prospectivo que incluye todos los pacientes intervenidos entre el 1 de Enero del año 2015 y el 30 de Junio de 2016 que cumplen criterios de inclusión. Se valoran los resultados funcionales a través de las escalas de valoración funcional Tegner y Lysholm. Resultados: Se incluyeron 68 pacientes con una edad media de 34,32 años de los cuales un 79.4% son varones. La rotura del menisco interno, del cuerno posterior y las roturas horizontales fueron lo más frecuente. La puntuación media del Tegner pasó del 2.38/10 a 5.68/10 a los 12 meses y a 5.41/10 a los 24 meses. La puntuación media del Lysholm pasó del 60.10/100 preIQ a 89.36/100 a los 12 meses y a 92.66 a los 24 meses. Conclusión: Mejoría de las puntuaciones de las escalas de valoración funcional a los 12 meses tras la cirugía que se mantienen a los 2 años.&lt;br /></subfield>
  </datafield>
  <datafield tag="521" ind1=" " ind2=" ">
    <subfield code="a">Máster Universitario en Iniciación a la Investigación en Medicina</subfield>
  </datafield>
  <datafield tag="540" ind1=" " ind2=" ">
    <subfield code="a">Derechos regulados por licencia Creative Commons</subfield>
  </datafield>
  <datafield tag="700" ind1=" " ind2=" ">
    <subfield code="a">Caballero Burbano, María Jesús</subfield>
    <subfield code="e">dir.</subfield>
  </datafield>
  <datafield tag="710" ind1="2" ind2=" ">
    <subfield code="a">Universidad de Zaragoza</subfield>
    <subfield code="b">Cirugía, Ginecología y Obstetricia</subfield>
    <subfield code="c">Traumatología y Ortopedia</subfield>
  </datafield>
  <datafield tag="856" ind1="0" ind2=" ">
    <subfield code="f">627680@celes.unizar.es</subfield>
  </datafield>
  <datafield tag="856" ind1="4" ind2=" ">
    <subfield code="s">2378201</subfield>
    <subfield code="u">http://zaguan.unizar.es/record/111121/files/TAZ-TFM-2018-157.pdf</subfield>
    <subfield code="y">Memoria (spa)</subfield>
  </datafield>
  <datafield tag="909" ind1="C" ind2="O">
    <subfield code="o">oai:zaguan.unizar.es:111121</subfield>
    <subfield code="p">driver</subfield>
    <subfield code="p">trabajos-fin-master</subfield>
  </datafield>
  <datafield tag="950" ind1=" " ind2=" ">
    <subfield code="a"></subfield>
  </datafield>
  <datafield tag="980" ind1=" " ind2=" ">
    <subfield code="a">TAZ</subfield>
    <subfield code="b">TFM</subfield>
    <subfield code="c">MED</subfield>
  </datafield>
  <datafield tag="999" ind1=" " ind2=" ">
    <subfield code="a">20180622083006.CREATION_DATE</subfield>
  </datafield>
  <datafield tag="951" ind1=" " ind2=" ">
    <subfield code="a">deposita:2022-03-09</subfield>
  </datafield>
</record>
</collection>